| Registos Bibliográficos associados ao registo de autoridade |
|
Etiqueta de registo: 00000nkm 2200025 450 001 2276306 003 http://id.bnportugal.gov.pt/bib/catbnp/2276306 100 ## $a20260305d1993 m y0pory01030103ba 101 0# $apor$afre$aeng 102 ## $aPT 200 1# $aCampi Sport, juventude e desporto, 13ª Exposição de Campismo, Caravanismo e Desporto,
7º Salão para a Juventude, EXPONOR - Feira Internacional do Porto, 13-21 fevereiro
1993$bVisual gráfico]$fAssociação Industrial Portuense$gBozell Portugal 210 #9 $a[Porto]$cAssociação Industrial Portuense,$d1993 215 ## $a1 cartaz$ccolor.$d67,7x48 cm 317 ## $aColeção Madeira Luís 710 01 $aExposição de Campismo, Caravanismo e Desporto,$d13,$ePorto,$f1993$31993501 711 01 $aSalão para a Juventude,$d7,$ePorto,$f1993$31993502 712 02 $aAssociação Industrial Portuense$3151 712 01 $aEXPONOR.$bDivisão de Feiras e Exposições$31989153 712 02 $aBozell Portugal$31552186 801 #0 $aPT$bBN$gRPC 966 ## $lBN$mICONOG$sCT. 23504 A.$x3 971 ## $cCaticonografia7$d20260305 995 ## $aPRR2026
|
|
|